000 01010nam a22003257a 4500
001 BR0200022
003 BR-BrBNA
005 20230928101007.0
007 ta
008 230509b bl.||||| |||| 00| 0 por d
040 _aBR-BrBNA
_bpor
_cBiblioteca Nacional de Agricultura
041 _a(Por)
072 _aP34; H10
_b4110
_b4020
090 _ 4110 BR0200022
100 1 _aTrindade, G.F.L.
110 1 _aUniversidade Estadual de Londrina, PR (Brasil)
_0Tese (Mestre em Genetica e Melhoramento)
_910648
245 1 _aDispersao de um plasmidio de Bacillus thuringiensis em condicoes ambientais
260 3 _aLondrina, PR (Brasil):
_c1996.
300 _a109 p.
500 _aSummaries (Eng, Por); Bibliography p. 97-109; 7 illus.; 5 tables
650 _aBacteria
650 _aLagarta
650 _aMicrobiologia do Solo
650 _aControle Biologico
650 _aMicrorganismo
650 _aMeio de Cultura
650 _aPlasmideo
909 _a202309
_bLucia
_c55
_dLucia Elande
942 _cBK
999 _c63770
_d63770